Evaluación de las controversias en la OMC y la participación de América Latina /

Đã lưu trong:
Chi tiết về thư mục
Tác giả chính: Sáez, Sebastián
Tác giả khác: Salles Almeina, Juliana
Định dạng: Texto
Những chủ đề:
Các nhãn: Thêm thẻ
Không có thẻ, Là người đầu tiên thẻ bản ghi này!

MARC

LEADER 00000 a a2200000 04500
001 13112
003
040
100 |a Sáez, Sebastián  
245 |a Evaluación de las controversias en la OMC y la participación de América Latina /  |c Sebastián Sáez ; Juliana Salles Almeina 
650 |a EVALUACION  
650 |a ASPECTOS JURIDICOS  
650 |a ACUERDOS INTERNACIONALES  
700 |a Salles Almeina, Juliana  
773 |g volumen 7, número 3; páginas 20-22  
999 |c 32792  |d 32792